Circular que dirige el señor gobernador de la Sagrada Mitra á los parrocos, eclesiasticos y fieles cristianos del Arzobispado de México, sobre erección de cementerios fuera de las poblaciones (Record no. 2652)

MARC details
000 -CABECERA
campo de control de longitud fija 00770nam a2200205 a 4500
001 - NÚMERO DE CONTROL
campo de control BRCA_2913
005 - FECHA Y HORA DE LA ÚLTIMA TRANSACCIÓN
campo de control 20190320204027.0
008 - DATOS DE LONGITUD FIJA--INFORMACIÓN GENERAL
campo de control de longitud fija 121208s1809----mx-a---###---#000-0#spa-#
050 #4 - SIGNATURA TOPOGRÁFICA DE LA BIBLIOTECA DEL CONGRESO
Número de clasificación F1231
Número de documento/Ítem .S25 1809
100 1# - ENTRADA PRINCIPAL--NOMBRE DE PERSONA
Nombre de persona Sainz de Alfaro y Beaumont, Isidoro
9 (RLIN) 8107
245 10 - MENCIÓN DE TÍTULO
Título Circular que dirige el señor gobernador de la Sagrada Mitra á los parrocos, eclesiasticos y fieles cristianos del Arzobispado de México, sobre erección de cementerios fuera de las poblaciones
Mención de responsabilidad, etc. Isidoro Sainz de Alfaro y Beumont.
260 ## - PUBLICACIÓN, DISTRIBUCIÓN, ETC.
Lugar de publicación, distribución, etc. México
Nombre del editor, distribuidor, etc. Maria Fernandez de Jauregui
Fecha de publicación, distribución, etc. 1809
300 ## - DESCRIPCIÓN FÍSICA
Extensión 36 p.
Dimensiones 21 cm.
500 ## - NOTA GENERAL
Nota general B41
650 14 - PUNTO DE ACCESO ADICIONAL DE MATERIA--TÉRMINO DE MATERIA
Término de materia o nombre geográfico como elemento de entrada Cementerios
9 (RLIN) 8108
650 14 - PUNTO DE ACCESO ADICIONAL DE MATERIA--TÉRMINO DE MATERIA
Término de materia o nombre geográfico como elemento de entrada Entierros
9 (RLIN) 8109
650 14 - PUNTO DE ACCESO ADICIONAL DE MATERIA--TÉRMINO DE MATERIA
Término de materia o nombre geográfico como elemento de entrada México
Subdivisión general Vida social y costumbres
9 (RLIN) 8110
902 ## - CATALOGADOR
Iniciales GFM
942 ## - ELEMENTOS DE PUNTO DE ACCESO ADICIONAL (KOHA)
Fuente del sistema de clasificación o colocación Library of Congress Classification
Tipo de ítem Koha Libros
Holdings
Estado de retiro Estado de pérdida Estado dañado No para préstamo Localización permanente Ubicación/localización actual Fecha de adquisición Número de inventario Total de préstamos Signatura topográfica completa Código de barras Fecha visto por última vez Precio válido a partir de Tipo de ítem Koha
El ejemplar forma parte de la colección y puede ser consultado según las políticas vigentes.       Biblioteca del Museo Franz Mayer (Rogerio Casas-Alatriste) Biblioteca del Museo Franz Mayer (Rogerio Casas-Alatriste) 12/12/2008 B41   F1231 .S25 1809 (B41) 2910 22/03/2019 22/03/2019 Libros